Abriendo brecha. Las Comunicadoras en el mercado laboral 2003 /

Gorde:
Xehetasun bibliografikoak
Egile nagusia: Vega Jiménez, Patricia
Formatua: Texto
Gaiak:
Etiketak: Etiketa erantsi
Etiketarik gabe, Izan zaitez lehena erregistro honi etiketa jartzen!

MARC

LEADER 00000 a a2200000 04500
001 16824
003
040
100 |a Vega Jiménez, Patricia  
245 |a Abriendo brecha. Las Comunicadoras en el mercado laboral 2003 /  |c Patricia Vega Jiménez 
650 |a MUJERES  
650 |a PERIODISMO  
650 |a DISCRIMINACION BASADA EN EL SEXO  
650 |a JUSTICIA SOCIAL  
650 |a MEDIOS DE COMUNICACION DE MASAS  
650 |a PERIODISMO  
650 |a DISTRIBUCION POR SEXO  
650 |a FORMACION PROFESIONAL  
650 |a DISTRIBUCION POR EDAD  
773 |g volumen 11, número 3; páginas 205-231  
999 |c 27443  |d 27443